Catálogo
 En Linea

Experimentos de fisicoquimica / (Registro nro. 35793)

Detalles MARC
000 -CABECERA
campo de control de longitud fija 00660nam a2200181 a 4500
001 - NÚMERO DE CONTROL
campo de control 000036302
005 - FECHA Y HORA DE LA ÚLTIMA TRANSACCIÓN
campo de control 20200930075646.0
008 - DATOS DE LONGITUD FIJA--INFORMACIÓN GENERAL
campo de control de longitud fija 120112s1968 mx a 000 0 spa d
040 ## - FUENTE DE LA CATALOGACIÓN
Centro catalogador/agencia de origen DO-SdBNP
Lengua de catalogación spa
Centro/agencia transcriptor BNPHU
100 1# - ENTRADA PRINCIPAL--NOMBRE DE PERSONA
Nombre de persona Shoemaker, David P.
9 (RLIN) 62442
240 10 - TÍTULO UNIFORME
Título uniforme Experiments in physical chemistry
Lenguaje de la obra Español
245 10 - MENCIÓN DE TÍTULO
Título Experimentos de fisicoquimica /
Mención de responsabilidad, etc. David P. Shoemaker, Carl W. Garland.
260 ## - PUBLICACIÓN, DISTRIBUCIÓN, ETC.
Lugar de publicación, distribución, etc. México :
Nombre del editor, distribuidor, etc. Unión tipográfica editorial Hispano Americana,
Fecha de publicación, distribución, etc. 1968.
300 ## - DESCRIPCIÓN FÍSICA
Extensión 634 p. :
Otras características físicas il. ;
Dimensiones 22 cm.
500 ## - NOTA GENERAL
Nota general Traducido del idioma inglés
700 1# - PUNTO DE ACCESO ADICIONAL--NOMBRE DE PERSONA
Nombre de persona María del Consuelo Hidalgo
Término indicativo de función/relación tr.
9 (RLIN) 62443
700 1# - PUNTO DE ACCESO ADICIONAL--NOMBRE DE PERSONA
Nombre de persona Manuel Rodríguez Mata
Término indicativo de función/relación tr.
9 (RLIN) 62444
Existencias
Estado de retiro Estado de pérdida Restricciones de uso No para préstamo Código de colección Localización permanente Ubicación/localización actual Ubicación en estantería Fecha de adquisición Número de inventario Total de préstamos Signatura topográfica completa Código de barras Fecha visto por última vez Precio válido a partir de Tipo de ítem Koha
        Monografías: Libros y Folletos General General Orden iniciada 12.01.2012 LF1   36303-10 25.06.2020 25.06.2020 No se presta

Con tecnología Koha